000 02843cam a22006014i 4500
003 PE-LiUPU
005 20250731173040.0
008 170824s2017 miu rb 001 0 eng d
020 _z0801026962
020 _z9780801026966
035 _a(Sirsi) 1001810017
035 _a(OCoLC)1001810017
040 _aTEFOD
_beng
_erda
_epn
_cTEFOD
_dRECBK
_dYDX
_dPE-LiUPU
049 _aPRUA
050 4 _aBV2100
_b.T44 2017eb
082 0 4 _a266.009
_bT41
_223
100 1 _aTerry, John Mark,
_d1949-
_eautor.
245 1 0 _aEncountering the history of missions :
_bfrom the early church to today /
_cJohn Mark Terry and Robert L. Gallagher.
264 1 _aGrand Rapids :
_bBaker Academic,
_c2017.
300 _aviii, 405 páginas ;
_c23 centímetros
336 _atext
_2rdacontent
337 _aunmediated
_2rdamedia
338 _avolume
_2rdacarrier
490 0 _aEncountering mission
504 _aBibliografía : páginas 363-388.
504 _aIndice : páginas 389-405.
505 0 _aMissions in the early church -- Encountering church of the east missions -- Encountering Celtic missions -- Encountering orthodox missions -- Encountering Dominican and Franciscan missions -- Encountering medieval renewal missions -- Encountering reformation missions -- Encountering Jesuit missions -- Encountering pietist missions -- Encountering Moravian missions -- Encountering Methodist missions -- The great century of Protestant missions, part I -- The great century, part II -- The twentieth century -- Missionary councils and congresses -- Specialized missions -- The church growth movement -- In retrospect and prospect.
526 _aSEG42
526 _aSEG41
526 _aSEG40
526 _aSEG39
526 _aP94
526 _aP87
526 _aP86
526 _aP85
526 _aP77
526 _aP76
526 _aP35
650 0 _aMisiones
_xHistoria.
_91571
650 7 _aReligión / Cristianismo / Historia.
_2bisacsh
650 0 _aMissions
_xHistory.
650 7 _aReligion / Christianity / History.
_2bisacsh
700 1 _aGallagher, Robert L.,
_eautor.
910 _adbm
_bncf
_cncf
_d20171219
942 _2ddc
_cBOOK
949 _a266.009 T41
_wDEWEY
_c1
_i77649
_lCATALOGING
_mBUL
_p18.50
_r0
_sY
_tBOOK
_u2017-12-19
_xPOSGRADO
_PP85
_0COMPRA
_o.STAFF. Colección Teología.
994 _aC0
_bPEPRU
596 _a1
999 _a266.009 T41
_wDEWEY
_c26274
_i77649
_f2021-11-10
_g4
_lCCODEBUL1
_mBUL
_p18.50
_r0
_sY
_tBOOK
_u2017-12-19
_xTEOLOGIA
_PP85
_0DONACION
_o.STAFF. Colección Teología.
_d26274
999 _a266.009 T41
_wDEWEY
_c2
_i78293
_f2021-11-10
_g4
_lCCODEBUL1
_mBUL
_p20.50
_r0
_sY
_tBOOK
_u2018-2-22
_xTEOLOGIA
_PP85
_0DONACION
_o.STAFF. Colección Teología
980 _81
_gALBERTO SANCHEZ Responsable de Automatización